Normal view
MARC view
Entry Corporate Name
001 - CONTROL NUMBER
- control field: 25
003 - CONTROL NUMBER IDENTIFIER
- control field: OSt
005 - DATE AND TIME OF LATEST TRANSACTION
- control field: 20140507162047.0
008 - FIXED-LENGTH DATA ELEMENTS
- fixed length control field: 090821|||a|||||| | ||| d
040 ## - CATALOGING SOURCE
- Original cataloging agency: OSt
- Transcribing agency: OSt
110 ## - HEADING--CORPORATE NAME
- Corporate name or jurisdiction name as entry element: National University of Ireland, Maynooth.
- Subordinate unit: Departmen of Old and Middle Irish.
670 ## - SOURCE DATA FOUND
- Source citation: Work cat.: (OSt)0: McCone, Kim. 39, A first Old Irish grammar and reader :, 2005.